000 00419pab a2200169 454500
008 180718b2011 xxu||||| |||| 00| 0 eng d
100 _aDasgupta, Samira
245 _aGhotul and Muria: An institutional cultural heritage
260 _c2011
300 _ap.441-459.
362 _aJul - Dec
650 _aCultural heritage
700 _aSarkar, Amitabha
773 _aMan in India
908 _aN
909 _a96145
999 _c96145
_d96145